| 000 | 01008nam a2200217Ia 4500 | ||
|---|---|---|---|
| 999 |
_c39925 _d39925 |
||
| 001 | 6530 | ||
| 003 | GE_BSU | ||
| 005 | 20191022114831.0 | ||
| 008 | 181216s1975||||ge |||||||||||||| ||geo|| | ||
| 040 | _cGE_BSU | ||
| 080 | _a821.353.1-1 ბ-83 | ||
| 100 |
_aბოლქვაძე, ზაურ _94928 |
||
| 245 |
_aსაქართველოს სასიცოცხლოდ : _bლექსები / _cზაურ ბოლქვაძე ; რედ. გრ. ჯულუხიძე ; მხატვ. გ. ღლონტი. |
||
| 264 |
_aთბილისი : _bმერანი ; _cმერანი. |
||
| 300 |
_a144 გვ. : _bფოტო გარეკანზე ; _c14 სმ. |
||
| 653 | _aსაქართველოს სასიცოცხლოდ | ||
| 653 | _aლექსები | ||
| 700 |
_aჯულუხიძე, გრ. _eრედაქტორი _94382 |
||
| 700 |
_aღლონტი, გ. _eმხატვარი _94929 |
||
| 942 |
_cBK _2udc |
||